| 000 | 00484nam a22001817a 4500 | ||
|---|---|---|---|
| 999 |
_c204 _d204 |
||
| 005 | 20210910101534.0 | ||
| 008 | 160428b xxu||||| |||| 00| 0 eng d | ||
| 020 | _a81-2032068-9 | ||
| 041 | _aeng | ||
| 082 |
_b00702 _a005.74 |
||
| 100 |
_aPrabhu, C.S.R. _9190 |
||
| 245 | _aData Warehousing: Concepts, Techniques, Praducts and Applications | ||
| 250 | _a2nd ed. | ||
| 260 |
_aNew Delhi _bPHI Pvt Ltd. _c2002 |
||
| 300 | _a148 | ||
| 650 |
_aInformation Technology _9137 |
||
| 942 | _cBK | ||